Artesanía, comunidad y desarrollo, memoria y futuro [videocasete] : (Registro nro. 49419)

Detalles MARC
000 -CABECERA
Longitud fija campo de control 00743nam a2200205Ii 4500
003 - IDENTIFICADOR DEL NUMERO DE CONTROL
Identificador del número de control CO-ViMGA
008 - CODIGOS DE INFORMACION DE LONGITUD FIJA
Códigos de información de longitud fija 241108s9999||||xx |||||||||||||| ||und||
040 ## - FUENTE DE LA CATALOGACION
Centro catalogador de origen CO-ViMGA
Lengua de catalogación spa
Normas de descripción rda
Centro transcriptor CO-ViMGA
041 0# - CODIGO DE LENGUA
Código de lengua del texto/banda sonora o título independiente spa
082 04 - NUMERO DE LA CLASIFICACION DECIMAL DEWEY
Número de clasificación (R) 746.0986151 M87c
110 1# - PUNTO DE ACCESO PRINCIPAL-NOMBRE DE ENTIDAD CORPORATIVA
Nombre de entidad corporativa o nombre de jurisdicción como elemento inicial Museo de Artes y Tradiciones Populares. Bogotá
245 10 - TITULO PROPIAMENTE DICHO
Título Artesanía, comunidad y desarrollo, memoria y futuro [videocasete] :
Resto del título Comunidad indígena Waunana, Chocó
264 #1 - PRODUCCION, PUBLICACION , DISTRIBUCION, FABRICACION Y COPYRIGHT
Lugar de producción, publicación, distribución, fabricación [Lugar de publicación no identificado] : Museo de Artes y Tradiciones Populares, 1992
300 ## - DESCRIPCION FISICA
Extensión volumen
336 ## - TIPO DE CONTENIDO
Término de tipo de contenido text
Código de tipo de contenido txt
Fuente rdacontent
337 ## - TIPO DE MEDIO
Nombre del tipo de medio unmediated
Código del tipo de medio n
Fuente rdamedia
338 ## - TIPO DE SOPORTE
Nombre del tipo de soporte volume
Código del tipo de soporte nc
Fuente rdacarrier
940 ## -
T&íacute;tulo uniforme <a href="idficha_siabuc: 2040. -- ficha_no_siabuc:2085">idficha_siabuc: 2040. -- ficha_no_siabuc:2085</a>
Existencias
Perdido Estado Físico No para pr&eacute;stamo Forma de adquisición Localizaci&oacute;n permanente Localizaci&oacute;n actual Localización en estanterías Fecha adquisici&oacute;n Signatura completa C&oacute;digo de barras Fecha &uacute;ltima consulta N&uacute;mero de copia Fecha del precio de reemplazo Tipo de item de Koha Note p&uacute;blica Serie de enumeraci&oacute;n &#47; cronolog&&iacute;acute;a
      Sala General Biblioteca Pública Departamental Eduardo Carranza - Villavicencio Biblioteca Pública Departamental Eduardo Carranza - Villavicencio General 07/19/2004 746.0986151 M87c ECA15064 11/26/2024 Ej.1 11/26/2024 LIbro 2040 | 2408  
      Colección Sala Infantil de Literatura Pocatil y Tilín Biblioteca Pública Departamental Eduardo Carranza - Villavicencio Biblioteca Pública Departamental Eduardo Carranza - Villavicencio General 11/15/2003 746.0986151 M87c ECA04-27 11/26/2024 Ej.1 11/26/2024 LIbro 2040 | 2407 Vol.1









Instituto Departamental de Cultura del Meta - Red Departamental de Bibliotecas Públicas del Meta.